| 000 | 00899nam a2200241 a 4500 | ||
|---|---|---|---|
| 001 | 000045819 | ||
| 003 | DO-SdBNP | ||
| 005 | 20260527074042.0 | ||
| 008 | 150515s2004 dr ac r 000 0 spa d | ||
| 040 |
_aDO-SdBNP _bspa _cBNPHU |
||
| 082 | 4 |
_a320.97293 _bB533L _222 |
|
| 100 | 1 |
_aBerroa, Robert, _d1955- _920525 |
|
| 245 | 1 | 0 |
_aLeonel en la hoguera del tiempo / _cRobert Berroa ; prólogo Juan Temístocles Montás. |
| 260 |
_aSanto Domingo : _bGráfica William, _c2004. |
||
| 300 |
_a209 p. : _bil., retrs. ; _c21 cm. |
||
| 500 | _aIncluye datos biográficos del autor en la solapa de la cubierta. | ||
| 590 | _aInventariado, 2023/MFF | ||
| 600 | 1 | 0 |
_aFernández, Leonel, _d1953- _97291 |
| 650 | 0 |
_aPartidos políticos _zRepública Dominicana _9285 |
|
| 651 | 0 |
_aRepública Dominicana _xPolítica y gobierno _945 |
|
| 700 | 1 |
_aMontás, Juan Temístocles _d1950- _epról. _979676 |
|
| 942 |
_2ddc _cLBS1 |
||
| 999 |
_c45308 _d45308 |
||